Komunálna banka 11/2001
Saved in:
| Format: | Electronic |
|---|---|
| Language: | Slovak Czech |
| Published: |
[Praha] :
Vogel Burda Communications,
2001.
|
| Physical Description: |
1 DVD-ROM. ; 12 cm. |
| Tags: |
Add Tag
No Tags, Be the first to tag this record!
|
Titul je dostupný aj v ... 

MARC
| LEADER | 00000nmm a2200000 a 4500 | ||
|---|---|---|---|
| 001 | 000589727 | ||
| 003 | SVKKK | ||
| 005 | 20180727100737.0 | ||
| 008 | 080206s2001 xo slo#d | ||
| 040 | |a SVKKK |b slo |c SVKKK |e AACR2 | ||
| 041 | 0 | |a cze | |
| 080 | |a 004.38 |2 2001 | ||
| 245 | 0 | 0 | |a Komunálna banka |n 11/2001 |h elektronický zdroj |
| 260 | |a [Praha] : |b Vogel Burda Communications, |c 2001. | ||
| 300 | |a 1 DVD-ROM. ; |c 12 cm. | ||
| 500 | |a Príl. k čas. Chip 11/2001 | ||
| 500 | |a Svět sa mění a my s ním | ||
| 910 | |a svkkk | ||
| 998 | |a ER | ||
| 090 | |g SCKHL |k Konzultanti |a CDC.1042 |j 1045 |i 2720556934 |s Príručka / Študovňa | ||
| 924 | |a AVM | ||